[Event "67th Greek Championship"]
[Site "chess24.com"]
[Date "2017.12.15"]
[Round "1"]
[White "Pavlidis, Anastasios"]
[Black "Michelakos, Panagiotis"]
[Result "1-0"]
[Board "1"]
[WhiteElo "2358"]
[WhiteTitle "IM"]
[WhiteCountry "GRE"]
[WhiteFideId "4208404"]
[WhiteEloChange "8"]
[BlackElo "2272"]
[BlackCountry "GRE"]
[BlackFideId "4216067"]
[BlackEloChange "-8"]

1. d4 {[%clk 1:30:54]} Nf6 {[%clk 1:30:47]} 2. Nf3 {[%clk 1:31:14]} e6 {[%clk
1:31:02]} 3. e3 {[%clk 1:31:35]} b6 {[%clk 1:28:54]} 4. Bd3 {[%clk 1:31:47]} Bb7
{[%clk 1:29:13]} 5. Nbd2 {[%clk 1:31:28]} d5 {[%clk 1:26:27]} 6. O-O {[%clk
1:31:05]} Bd6 {[%clk 1:24:37]} 7. b3 {[%clk 1:31:02]} O-O {[%clk 1:22:34]} 8. Bb2
{[%clk 1:31:25]} c5 {[%clk 1:22:41]} 9. Ne5 {[%clk 1:27:51]} Nc6 {[%clk 1:22:40]}
10. a3 {[%clk 1:27:39]} Ne7 {[%clk 1:10:20]} 11. Qe2 {[%clk 1:16:48]} Ne4 {[%clk
1:00:44]} 12. Bxe4 {[%clk 1:10:17]} dxe4 {[%clk 1:01:07]} 13. dxc5 {[%clk
1:09:57]} Bxc5 {[%clk 0:35:10]} 14. Rfd1 {[%clk 1:08:10]} Qc8 {[%clk 0:33:13]}
15. Nf1 {[%clk 0:44:58]} Ng6 {[%clk 0:22:31]} 16. Nxg6 {[%clk 0:42:43]} hxg6
{[%clk 0:22:55]} 17. Qg4 {[%clk 0:26:57]} Be7 {[%clk 0:15:51]} 18. c4 {[%clk
0:24:10]} Qc5 {[%clk 0:08:37]} 19. Ng3 {[%clk 0:22:13]} Qg5 {[%clk 0:08:20]} 20.
Qxg5 {[%clk 0:11:03]} Bxg5 {[%clk 0:08:48]} 21. Rd6 {[%clk 0:10:36]} Rfd8 {[%clk
0:07:56]} 22. Rad1 {[%clk 0:10:56]} Rxd6 {[%clk 0:07:00]} 23. Rxd6 {[%clk
0:11:20]} Rd8 {[%clk 0:06:57]} 24. Be5 {[%clk 0:08:36]} Kf8 {[%clk 0:06:51]} 25.
Ne2 {[%clk 0:06:22]} Rxd6 {[%clk 0:03:00]} 26. Bxd6+ {[%clk 0:06:46]} Ke8 {[%clk
0:03:15]} 27. Bb8 {[%clk 0:05:28]} a6 {[%clk 0:03:39]} 28. Be5 {[%clk 0:05:24]}
Be7 {[%clk 0:03:25]} 29. a4 {[%clk 0:05:14]} f6 {[%clk 0:03:05]} 30. Bd4 {[%clk
0:04:15]} Bd8 {[%clk 0:03:02]} 31. Bc3 {[%clk 0:03:59]} Kd7 {[%clk 0:02:21]} 32.
Nf4 {[%clk 0:03:28]} g5 {[%clk 0:02:40]} 33. Nh5 {[%clk 0:03:05]} Bc7 {[%clk
0:01:16]} 34. Nxg7 {[%clk 0:02:35]} f5 {[%clk 0:00:45]} 35. h3 {[%clk 0:01:06]}
Ke7 {[%clk 0:00:45]} 36. Nh5 {[%clk 0:00:43]} Kf7 {[%clk 0:01:04]} 37. Ng3 {[%clk
0:00:39]} f4 {[%clk 0:00:31]} 38. Ne2 {[%clk 0:00:38]} e5 {[%clk 0:00:54]} 39.
Nc1 {[%clk 0:00:33]} Bd6 {[%clk 0:00:36]} 40. Ne2 {[%clk 0:30:32]} Bc6 {[%clk
0:30:31]} 41. Bd2 {[%clk 0:26:40]} b5 {[%clk 0:24:23]} 42. cxb5 {[%clk 0:12:07]}
axb5 {[%clk 0:24:45]} 43. Nc3 {[%clk 0:08:11]} bxa4 {[%clk 0:23:12]} 44. Nxa4
{[%clk 0:08:35]} Bd5 {[%clk 0:16:02]} 45. b4 {[%clk 0:08:43]} Bc4 {[%clk
0:16:27]} 46. Nc5 {[%clk 0:04:12]} Bxc5 {[%clk 0:12:47]} 47. bxc5 {[%clk
0:04:38]} Ke6 {[%clk 0:13:08]} 48. Ba5 {[%clk 0:04:37]} Bb5 {[%clk 0:13:02]} 49.
Bd8 {[%clk 0:04:20]} Kf5 {[%clk 0:13:16]} 50. g4+ {[%clk 0:04:40]} Kg6 {[%clk
0:11:53]} 51. Kg2 {[%clk 0:04:32]} f3+ {[%clk 0:05:22]} 52. Kg1 {[%clk 0:04:23]}
Kh6 {[%clk 0:01:07]} 53. Bf6 {[%clk 0:04:46]} Kg6 {[%clk 0:01:31]} 54. Bxe5
{[%clk 0:05:12]} Kf7 {[%clk 0:01:05]} 55. Bc7 {[%clk 0:05:24]} Kg6 {[%clk
0:01:00]} 56. Bd8 {[%clk 0:05:42]} Kh6 {[%clk 0:01:25]} 57. Kh2 {[%clk 0:06:08]}
Kg6 {[%clk 0:01:24]} 58. Kg3 {[%clk 0:06:33]} Bc6 {[%clk 0:01:33]} 59. h4 {[%clk
0:06:53]} gxh4+ {[%clk 0:01:57]} 60. Kxh4 {[%clk 0:06:59]} Bd5 {[%clk 0:01:20]}
61. Kg3 {[%clk 0:07:21]} Kf7 {[%clk 0:01:44]} 62. Kf4 {[%clk 0:07:45]} Ke6 {[%clk
0:02:05]} 63. g5 {[%clk 0:07:39]} Bc6 {[%clk 0:01:46]} 64. g6 {[%clk 0:08:00]}
Bb7 {[%clk 0:01:39]} 65. Kg5 {[%clk 0:08:15]} Bd5 {[%clk 0:01:19]} 66. Ba5 {[%clk
0:08:21]} Ke7 {[%clk 0:00:48]} 67. Bc3 {[%clk 0:08:20]} 1-0

[Event "67th Greek Championship"]
[Site "chess24.com"]
[Date "2017.12.15"]
[Round "1"]
[White "Moutousis, Konstantinos"]
[Black "Nikolaidis, Ioannis"]
[Result "1/2-1/2"]
[Board "2"]
[WhiteElo "2389"]
[WhiteTitle "IM"]
[WhiteCountry "GRE"]
[WhiteFideId "4200071"]
[WhiteEloChange "4"]
[BlackElo "2517"]
[BlackTitle "GM"]
[BlackCountry "GRE"]
[BlackFideId "4202139"]
[BlackEloChange "-2"]

1. c4 {[%clk 1:30:59]} e5 {[%clk 1:30:44]} 2. e3 {[%clk 1:30:32]} g6 {[%clk
1:29:22]} 3. Nc3 {[%clk 1:30:38]} Bg7 {[%clk 1:29:40]} 4. d4 {[%clk 1:25:25]} d6
{[%clk 1:25:08]} 5. dxe5 {[%clk 1:14:16]} Bxe5 {[%clk 1:22:32]} 6. Nge2 {[%clk
1:09:01]} Ne7 {[%clk 1:15:15]} 7. b3 {[%clk 0:58:37]} O-O {[%clk 1:02:38]} 8. Qd2
{[%clk 0:55:44]} d5 {[%clk 0:51:17]} 9. Ba3 {[%clk 0:51:16]} c6 {[%clk 0:49:28]}
10. Rd1 {[%clk 0:46:30]} Re8 {[%clk 0:44:39]} 11. cxd5 {[%clk 0:38:09]} cxd5
{[%clk 0:37:28]} 12. Nd4 {[%clk 0:27:59]} Qa5 {[%clk 0:22:19]} 13. Ncb5 {[%clk
0:28:07]} Qxd2+ {[%clk 0:20:04]} 14. Rxd2 {[%clk 0:26:57]} Nbc6 {[%clk 0:20:24]}
15. Nf3 {[%clk 0:22:37]} Bb8 {[%clk 0:20:12]} 16. Bd6 {[%clk 0:19:13]} Bxd6
{[%clk 0:18:59]} 17. Nxd6 {[%clk 0:19:38]} Rd8 {[%clk 0:19:22]} 18. Nb5 {[%clk
0:20:02]} Bg4 {[%clk 0:18:42]} 19. Be2 {[%clk 0:20:04]} a6 {[%clk 0:16:40]} 20.
Nbd4 {[%clk 0:19:38]} Rac8 {[%clk 0:15:27]} 21. O-O {[%clk 0:19:11]} Nxd4 {[%clk
0:14:30]} 22. Nxd4 {[%clk 0:19:26]} Bxe2 {[%clk 0:14:48]} 23. Nxe2 {[%clk
0:19:50]} Rc5 {[%clk 0:13:55]} 24. Rfd1 {[%clk 0:19:16]} Rdc8 {[%clk 0:13:52]}
25. h4 {[%clk 0:14:43]} Kg7 {[%clk 0:11:31]} 26. g4 {[%clk 0:13:58]} Rc2 {[%clk
0:10:05]} 27. Nf4 {[%clk 0:12:59]} R8c5 {[%clk 0:07:55]} 28. Kg2 {[%clk 0:12:20]}
h6 {[%clk 0:07:51]} 29. Kf3 {[%clk 0:12:19]} Rxd2 {[%clk 0:06:52]} 30. Rxd2
{[%clk 0:12:42]} g5 {[%clk 0:05:55]} 31. hxg5 {[%clk 0:12:12]} hxg5 {[%clk
0:06:24]} 32. Nh5+ {[%clk 0:10:23]} Kg6 {[%clk 0:05:35]} 33. Ng3 {[%clk 0:10:37]}
a5 {[%clk 0:03:12]} 34. Ke2 {[%clk 0:09:12]} f5 {[%clk 0:02:20]} 35. gxf5+ {[%clk
0:08:49]} Nxf5 {[%clk 0:02:48]} 36. Nxf5 {[%clk 0:08:23]} Kxf5 {[%clk 0:03:16]}
37. Kd3 {[%clk 0:08:23]} Kg4 {[%clk 0:02:05]} 38. Ke2 {[%clk 0:08:18]} Kf5 {[%clk
0:02:29]} 39. Kf3 {[%clk 0:07:12]} Kf6 {[%clk 0:01:25]} 40. Kg4 {[%clk 0:36:22]}
Rb5 {[%clk 0:31:03]} 41. Kf3 {[%clk 0:22:40]} Rc5 {[%clk 0:31:03]} 1/2-1/2

[Event "67th Greek Championship"]
[Site "chess24.com"]
[Date "2017.12.15"]
[Round "1"]
[White "Papakonstantinou, Dimitrios"]
[Black "Kouskoutis, Georgios-Alexandros"]
[Result "1/2-1/2"]
[Board "3"]
[WhiteElo "2251"]
[WhiteCountry "GRE"]
[WhiteFideId "4218655"]
[WhiteEloChange "3"]
[BlackElo "2365"]
[BlackCountry "GRE"]
[BlackFideId "4234049"]
[BlackEloChange "-3"]

1. e4 {[%clk 1:30:56]} e5 {[%clk 1:30:50]} 2. Nf3 {[%clk 1:31:18]} Nc6 {[%clk
1:31:15]} 3. Bb5 {[%clk 1:30:26]} a6 {[%clk 1:31:38]} 4. Ba4 {[%clk 1:30:52]} Nf6
{[%clk 1:32:03]} 5. O-O {[%clk 1:30:59]} Nxe4 {[%clk 1:31:49]} 6. d4 {[%clk
1:30:31]} b5 {[%clk 1:32:00]} 7. Bb3 {[%clk 1:30:24]} d5 {[%clk 1:31:54]} 8. dxe5
{[%clk 1:30:04]} Be6 {[%clk 1:32:19]} 9. c3 {[%clk 1:28:40]} Be7 {[%clk 1:29:28]}
10. Nbd2 {[%clk 1:26:17]} Nc5 {[%clk 1:20:36]} 11. Bc2 {[%clk 1:25:03]} d4 {[%clk
1:15:25]} 12. cxd4 {[%clk 1:19:23]} Nxd4 {[%clk 1:14:46]} 13. Nxd4 {[%clk
1:19:09]} Qxd4 {[%clk 1:15:10]} 14. Nf3 {[%clk 1:16:29]} Qxd1 {[%clk 1:01:42]}
15. Rxd1 {[%clk 1:16:45]} Bg4 {[%clk 0:56:07]} 16. Be3 {[%clk 1:11:26]} O-O
{[%clk 0:52:10]} 17. Rac1 {[%clk 1:08:56]} Rad8 {[%clk 0:51:53]} 18. Rxd8 {[%clk
1:07:21]} Rxd8 {[%clk 0:52:17]} 19. Nd4 {[%clk 1:07:46]} Bf8 {[%clk 0:46:42]} 20.
b4 {[%clk 1:01:00]} Nd7 {[%clk 0:39:02]} 21. Nc6 {[%clk 1:00:09]} Re8 {[%clk
0:38:22]} 22. f4 {[%clk 0:58:55]} Be6 {[%clk 0:32:52]} 23. Be4 {[%clk 0:43:51]}
Nb6 {[%clk 0:29:27]} 24. Bxb6 {[%clk 0:38:47]} cxb6 {[%clk 0:29:50]} 25. Rd1
{[%clk 0:37:02]} g6 {[%clk 0:27:11]} 26. a3 {[%clk 0:31:35]} Rc8 {[%clk 0:20:36]}
27. Kf2 {[%clk 0:23:10]} Kg7 {[%clk 0:14:59]} 28. Ke3 {[%clk 0:22:00]} a5 {[%clk
0:11:08]} 29. h3 {[%clk 0:18:40]} h5 {[%clk 0:08:49]} 30. Rd3 {[%clk 0:11:50]}
axb4 {[%clk 0:05:40]} 31. axb4 {[%clk 0:12:15]} Rc7 {[%clk 0:05:04]} 32. Rd4
{[%clk 0:06:36]} h4 {[%clk 0:03:20]} 33. Nd8 {[%clk 0:05:45]} Bc4 {[%clk
0:02:44]} 34. Nc6 {[%clk 0:05:51]} Be6 {[%clk 0:02:02]} 35. Nd8 {[%clk 0:04:26]}
Bc4 {[%clk 0:01:15]} 36. Nc6 {[%clk 0:04:16]} Be6 {[%clk 0:00:39]} 37. Nd8 {[%clk
0:00:57]} Bc8 {[%clk 0:00:38]} 38. Bd3 {[%clk 0:00:58]} Rc3 {[%clk 0:00:36]} 39.
Kd2 {[%clk 0:00:56]} Rb3 {[%clk 0:00:42]} 40. Kc2 {[%clk 0:30:35]} Rxb4 {[%clk
0:30:51]} 41. Rxb4 {[%clk 0:30:08]} Bxb4 {[%clk 0:30:54]} 42. Bxb5 {[%clk
0:30:25]} Be7 {[%clk 0:30:37]} 43. Nc6 {[%clk 0:30:23]} Bc5 {[%clk 0:31:02]} 44.
Kd2 {[%clk 0:27:05]} Be6 {[%clk 0:19:24]} 45. Nd8 {[%clk 0:22:58]} Bd5 {[%clk
0:15:41]} 46. Bc6 {[%clk 0:23:23]} Bxc6 {[%clk 0:12:47]} 47. Nxc6 {[%clk
0:23:52]} Kf8 {[%clk 0:08:30]} 48. Na7 {[%clk 0:21:30]} Ke7 {[%clk 0:08:06]} 49.
Kd3 {[%clk 0:21:56]} Ke6 {[%clk 0:02:58]} 50. Ke4 {[%clk 0:22:18]} f6 {[%clk
0:02:55]} 51. Nb5 {[%clk 0:16:07]} fxe5 {[%clk 0:01:31]} 1/2-1/2

[Event "67th Greek Championship"]
[Site "chess24.com"]
[Date "2017.12.15"]
[Round "1"]
[White "Sandalakis, Nikolaos"]
[Black "Mastrovasilis, Athanasios"]
[Result "0-1"]
[Board "4"]
[WhiteElo "2213"]
[WhiteCountry "GRE"]
[WhiteFideId "4222890"]
[WhiteEloChange "-3"]
[BlackElo "2493"]
[BlackTitle "GM"]
[BlackCountry "GRE"]
[BlackFideId "4201990"]
[BlackEloChange "2"]

1. e4 {[%clk 1:30:55]} e5 {[%clk 1:30:54]} 2. Nf3 {[%clk 1:31:10]} Nc6 {[%clk
1:31:17]} 3. Nc3 {[%clk 1:31:35]} Nf6 {[%clk 1:31:12]} 4. Bb5 {[%clk 1:31:42]}
Bc5 {[%clk 1:30:49]} 5. Nxe5 {[%clk 1:29:37]} Nxe5 {[%clk 1:27:10]} 6. d4 {[%clk
1:29:59]} a6 {[%clk 1:24:46]} 7. dxe5 {[%clk 1:08:15]} axb5 {[%clk 1:25:07]} 8.
exf6 {[%clk 1:08:38]} Qxf6 {[%clk 1:25:13]} 9. O-O {[%clk 1:08:44]} c6 {[%clk
1:14:16]} 10. Be3 {[%clk 0:49:03]} Bxe3 {[%clk 1:10:10]} 11. fxe3 {[%clk
0:49:30]} Qe7 {[%clk 1:10:04]} 12. Qd4 {[%clk 0:44:08]} f6 {[%clk 1:09:58]} 13.
a3 {[%clk 0:38:01]} O-O {[%clk 0:59:13]} 14. Rad1 {[%clk 0:38:25]} Rd8 {[%clk
0:57:38]} 15. Qd6 {[%clk 0:29:55]} Qxd6 {[%clk 0:53:56]} 16. Rxd6 {[%clk
0:30:22]} Re8 {[%clk 0:48:33]} 17. g4 {[%clk 0:23:38]} Kf7 {[%clk 0:35:51]} 18.
g5 {[%clk 0:16:28]} Ke7 {[%clk 0:35:32]} 19. Rd2 {[%clk 0:16:41]} d6 {[%clk
0:32:11]} 20. h4 {[%clk 0:13:01]} Be6 {[%clk 0:29:49]} 21. Kg2 {[%clk 0:09:56]}
fxg5 {[%clk 0:25:02]} 22. hxg5 {[%clk 0:10:22]} Bf7 {[%clk 0:24:50]} 23. Ne2
{[%clk 0:07:41]} Bg6 {[%clk 0:13:50]} 24. Ng3 {[%clk 0:07:54]} Ra4 {[%clk
0:14:10]} 25. Rf4 {[%clk 0:03:03]} Kd7 {[%clk 0:13:31]} 26. Kf3 {[%clk 0:02:16]}
Re5 {[%clk 0:12:41]} 27. Nf5 {[%clk 0:01:40]} d5 {[%clk 0:12:12]} 28. b3 {[%clk
0:00:40]} Raxe4 {[%clk 0:04:38]} 29. Rxe4 {[%clk 0:00:47]} Rxe4 {[%clk 0:05:00]}
30. Ng3 {[%clk 0:01:10]} Rh4 {[%clk 0:04:57]} 31. c3 {[%clk 0:00:59]} Ke6 {[%clk
0:04:57]} 32. Rb2 {[%clk 0:00:48]} Ke5 {[%clk 0:04:18]} 33. Rf2 {[%clk 0:00:32]}
Ke6 {[%clk 0:03:25]} 34. Ne2 {[%clk 0:00:31]} Bh5+ {[%clk 0:02:45]} 35. Kg3
{[%clk 0:00:51]} Rg4+ {[%clk 0:02:26]} 36. Kh3 {[%clk 0:01:17]} Rxg5 {[%clk
0:01:47]} 37. Nf4+ {[%clk 0:00:39]} Ke7 {[%clk 0:02:00]} 38. Kh4 {[%clk 0:01:03]}
Rf5 {[%clk 0:02:21]} 39. Rg2 {[%clk 0:00:35]} g6 {[%clk 0:02:33]} 40. Rg5 {[%clk
0:30:34]} Rxg5 {[%clk 0:32:14]} 41. Kxg5 {[%clk 0:30:57]} Bd1 {[%clk 0:31:24]}
42. b4 {[%clk 0:31:22]} Bc2 {[%clk 0:28:28]} 43. Ne2 {[%clk 0:30:55]} Bd3 {[%clk
0:18:07]} 44. Nd4 {[%clk 0:29:31]} h5 {[%clk 0:16:20]} 45. Nb3 {[%clk 0:28:17]}
b6 {[%clk 0:15:51]} 46. Nd4 {[%clk 0:28:05]} c5 {[%clk 0:14:58]} 47. Nb3 {[%clk
0:19:35]} Kd6 {[%clk 0:14:58]} 48. Kf4 {[%clk 0:19:18]} Bc2 {[%clk 0:13:44]} 49.
Nd2 {[%clk 0:19:40]} Bf5 {[%clk 0:13:55]} 50. Nf3 {[%clk 0:19:27]} Ke6 {[%clk
0:14:01]} 51. Ng5+ {[%clk 0:18:45]} Kf6 {[%clk 0:14:12]} 52. Nh7+ {[%clk
0:18:53]} Kg7 {[%clk 0:13:21]} 53. Ng5 {[%clk 0:19:20]} h4 {[%clk 0:12:55]} 54.
Nf3 {[%clk 0:19:23]} Kf6 {[%clk 0:12:51]} 0-1

[Event "67th Greek Championship"]
[Site "chess24.com"]
[Date "2017.12.16"]
[Round "2"]
[White "Nikolaidis, Ioannis"]
[Black "Kelires, Andreas"]
[Result "1-0"]
[Board "1"]
[WhiteElo "2517"]
[WhiteTitle "GM"]
[WhiteCountry "GRE"]
[WhiteFideId "4202139"]
[WhiteEloChange "5"]
[BlackElo "2519"]
[BlackTitle "GM"]
[BlackCountry "GRE"]
[BlackFideId "5900727"]
[BlackEloChange "-5"]

1. d4 {[%clk 1:29:07]} Nf6 {[%clk 1:30:55]} 2. c4 {[%clk 1:29:28]} g6 {[%clk
1:31:19]} 3. Nc3 {[%clk 1:29:52]} Bg7 {[%clk 1:31:43]} 4. e4 {[%clk 1:30:08]} d6
{[%clk 1:32:03]} 5. Bd3 {[%clk 1:27:57]} O-O {[%clk 1:31:10]} 6. Nge2 {[%clk
1:28:09]} c5 {[%clk 1:27:22]} 7. d5 {[%clk 1:28:12]} e6 {[%clk 1:26:15]} 8. O-O
{[%clk 1:26:10]} a6 {[%clk 1:24:22]} 9. a4 {[%clk 1:24:45]} exd5 {[%clk 1:18:15]}
10. exd5 {[%clk 1:24:58]} Ng4 {[%clk 1:14:21]} 11. Bc2 {[%clk 1:07:46]} Nd7
{[%clk 1:05:11]} 12. h3 {[%clk 1:04:38]} Nge5 {[%clk 1:04:24]} 13. b3 {[%clk
1:00:35]} Nf6 {[%clk 0:56:42]} 14. f4 {[%clk 0:53:13]} Ned7 {[%clk 0:54:16]} 15.
Bd2 {[%clk 0:49:23]} Rb8 {[%clk 0:47:53]} 16. a5 {[%clk 0:46:43]} Ne8 {[%clk
0:27:51]} 17. f5 {[%clk 0:41:18]} Nef6 {[%clk 0:24:43]} 18. Ng3 {[%clk 0:36:36]}
Qc7 {[%clk 0:16:03]} 19. Kh1 {[%clk 0:34:06]} Ne5 {[%clk 0:14:03]} 20. Bg5 {[%clk
0:31:26]} Bd7 {[%clk 0:11:27]} 21. Qd2 {[%clk 0:28:26]} Rbe8 {[%clk 0:11:29]} 22.
Bxf6 {[%clk 0:26:04]} Bxf6 {[%clk 0:09:28]} 23. Nce4 {[%clk 0:26:06]} Qd8 {[%clk
0:07:11]} 24. Nxf6+ {[%clk 0:22:09]} Qxf6 {[%clk 0:07:40]} 25. Ne4 {[%clk
0:19:02]} Qh4 {[%clk 0:06:19]} 26. Nxd6 {[%clk 0:11:08]} Nf3 {[%clk 0:06:27]} 27.
Rxf3 {[%clk 0:07:32]} Qf6 {[%clk 0:06:56]} 28. Raf1 {[%clk 0:06:56]} Qxd6 {[%clk
0:07:23]} 29. f6 {[%clk 0:06:45]} Kh8 {[%clk 0:07:33]} 30. Qh6 {[%clk 0:06:51]}
Rg8 {[%clk 0:07:58]} 31. Rf4 {[%clk 0:06:12]} Qf8 {[%clk 0:08:14]} 32. Rh4 {[%clk
0:04:22]} Qxh6 {[%clk 0:07:57]} 33. Rxh6 {[%clk 0:04:49]} Bf5 {[%clk 0:05:12]}
34. Bxf5 {[%clk 0:03:07]} gxf5 {[%clk 0:05:39]} 35. Kg1 {[%clk 0:02:44]} Rg6
{[%clk 0:04:11]} 36. Rxg6 {[%clk 0:02:03]} fxg6 {[%clk 0:03:14]} 37. g4 {[%clk
0:02:00]} Kg8 {[%clk 0:02:29]} 38. g5 {[%clk 0:01:22]} Kf7 {[%clk 0:02:46]} 39.
Kf2 {[%clk 0:01:38]} h6 {[%clk 0:03:10]} 40. h4 {[%clk 0:31:19]} Re4 {[%clk
0:32:25]} 41. Rd1 {[%clk 0:22:18]} Rf4+ {[%clk 0:32:29]} 42. Kg3 {[%clk 0:21:33]}
Rg4+ {[%clk 0:32:56]} 43. Kf3 {[%clk 0:21:42]} Rxh4 {[%clk 0:33:22]} 44. d6
{[%clk 0:21:07]} hxg5 {[%clk 0:33:39]} 45. d7 {[%clk 0:20:40]} 1-0

[Event "67th Greek Championship"]
[Site "chess24.com"]
[Date "2017.12.16"]
[Round "2"]
[White "Kouskoutis, Georgios-Alexandros"]
[Black "Sandalakis, Nikolaos"]
[Result "1/2-1/2"]
[Board "2"]
[WhiteElo "2365"]
[WhiteCountry "GRE"]
[WhiteFideId "4234049"]
[WhiteEloChange "-4"]
[BlackElo "2213"]
[BlackCountry "GRE"]
[BlackFideId "4222890"]
[BlackEloChange "4"]

1. e4 {[%clk 1:30:57]} e5 {[%clk 1:30:53]} 2. Nf3 {[%clk 1:31:20]} Nc6 {[%clk
1:31:19]} 3. d4 {[%clk 1:31:42]} exd4 {[%clk 1:31:35]} 4. Nxd4 {[%clk 1:32:05]}
Nf6 {[%clk 1:31:56]} 5. Nc3 {[%clk 1:32:21]} Bb4 {[%clk 1:31:51]} 6. Nxc6 {[%clk
1:32:43]} bxc6 {[%clk 1:32:17]} 7. Bd3 {[%clk 1:33:05]} d5 {[%clk 1:32:23]} 8.
exd5 {[%clk 1:33:29]} cxd5 {[%clk 1:32:49]} 9. O-O {[%clk 1:33:51]} O-O {[%clk
1:33:16]} 10. h3 {[%clk 1:33:54]} c6 {[%clk 1:32:22]} 11. Qf3 {[%clk 1:33:24]}
Bd6 {[%clk 1:31:06]} 12. Bf4 {[%clk 1:26:28]} Rb8 {[%clk 1:24:13]} 13. b3 {[%clk
1:10:06]} Rb4 {[%clk 1:13:07]} 14. Bxd6 {[%clk 1:10:24]} Qxd6 {[%clk 1:13:32]}
15. Ne2 {[%clk 1:04:59]} c5 {[%clk 1:04:22]} 16. c3 {[%clk 1:03:30]} Rb7 {[%clk
1:00:55]} 17. Ng3 {[%clk 0:52:31]} Re7 {[%clk 0:54:59]} 18. Nf5 {[%clk 0:39:00]}
Bxf5 {[%clk 0:55:07]} 19. Qxf5 {[%clk 0:38:58]} g6 {[%clk 0:51:14]} 20. Qg5
{[%clk 0:36:10]} Kg7 {[%clk 0:47:15]} 21. Rfd1 {[%clk 0:34:58]} Re5 {[%clk
0:36:51]} 22. Qd2 {[%clk 0:31:40]} Rfe8 {[%clk 0:32:58]} 23. Re1 {[%clk 0:21:38]}
d4 {[%clk 0:20:05]} 24. Bb5 {[%clk 0:14:51]} R8e7 {[%clk 0:10:50]} 25. Rxe5
{[%clk 0:12:49]} Qxe5 {[%clk 0:07:50]} 26. cxd4 {[%clk 0:10:39]} cxd4 {[%clk
0:08:20]} 27. Bc6 {[%clk 0:08:01]} Ne4 {[%clk 0:05:19]} 28. Bxe4 {[%clk 0:05:29]}
Qxe4 {[%clk 0:05:46]} 29. Rd1 {[%clk 0:05:05]} Rd7 {[%clk 0:06:08]} 30. Qd3
{[%clk 0:02:39]} Qxd3 {[%clk 0:05:27]} 31. Rxd3 {[%clk 0:03:05]} Kf6 {[%clk
0:05:54]} 32. Kf1 {[%clk 0:03:27]} Ke5 {[%clk 0:06:17]} 33. Ke2 {[%clk 0:03:53]}
f5 {[%clk 0:03:38]} 34. Rd1 {[%clk 0:02:29]} Rd6 {[%clk 0:01:00]} 35. Kd3 {[%clk
0:01:14]} Ra6 {[%clk 0:00:41]} 36. Rd2 {[%clk 0:01:20]} Kd5 {[%clk 0:00:54]} 37.
Rc2 {[%clk 0:00:43]} g5 {[%clk 0:00:55]} 38. Re2 {[%clk 0:00:38]} Ra3 {[%clk
0:01:03]} 39. g3 {[%clk 0:00:36]} a5 {[%clk 0:00:35]} 40. f4 {[%clk 0:30:35]}
gxf4 {[%clk 0:30:41]} 41. gxf4 {[%clk 0:30:59]} a4 {[%clk 0:30:18]} 42. Re5+
{[%clk 0:29:52]} Kd6 {[%clk 0:29:15]} 43. Ra5 {[%clk 0:23:30]} Rxa2 {[%clk
0:28:41]} 44. bxa4 {[%clk 0:21:30]} Ke6 {[%clk 0:24:46]} 45. Kxd4 {[%clk
0:19:45]} Rd2+ {[%clk 0:24:02]} 46. Ke3 {[%clk 0:18:49]} Rh2 {[%clk 0:24:02]} 47.
Ra6+ {[%clk 0:19:12]} Kd5 {[%clk 0:23:04]} 48. Ra5+ {[%clk 0:08:26]} Ke6 {[%clk
0:23:31]} 49. Ra7 {[%clk 0:07:46]} h5 {[%clk 0:15:23]} 50. Rh7 {[%clk 0:04:28]}
1/2-1/2